00917nam a2200253 a 450000100060000000300080000600500170001400800410003102000150007203500190008704000270010604100080013308200270014110000270016824501050019526000580030030000290035850400370038765100480042465100450047265100460051765100460056370000540060964270BD-RjUL20211209081304.0810826s1981 caub b 001 0 eng  a0804711011 a(BD-RjUL)64400 aDLCcDLCdBD-RjULbeng aeng a944.0814223bANC 19811 aAndrew, Christopher M.14aThe climax of French imperial expansion, 1914-1924 /cChristopher M. Andrew and A.S. Kanya-Forstner. aStanford, Calif. :bStanford University Press,c1981. a302 p. :bill. ;c24 cm. a Includes index and bibliography 0aFrancexPolitics and governmenty1914-1940. 0aFrancexColoniesxHistoryy20th century. 0aFrancexForeign relationszGreat Britain. 0aGreat BritainxForeign relationszFrance.2 aKanya-Forstner, A. S.q(Alexander Sydney),d1940-